000 00999nam a2200229Ii 4500
003 JO-AjNU
008 230605s9999||||xx |||||||||||||| ||und||
017 _a2007/6/1771
020 _a9957-16-348-8
040 _aJO-AjNU
_bara
_erda
_cJO-AjNU
041 _aara
050 1 4 _aKMM49.U25.2010
100 3 _aالعبيدي، علي هادي ,
_eauthor
_912346
245 0 0 _aالوجيز في شرح القانون المدني : الحقوق العينية، الحقوق العينية الأصلية، الحقوق العينية التبعية، حق الملكية، الحقوق المتفرعة عن حق الملكية "دراسة موازنة"
250 _aط7
264 3 1 _aعمان : دار الثقافة ، 2010
300 _a349ص
336 _atext
_btxt
_2rdacontent
337 _aunmediated
_bn
_2rdamedia
338 _avolume
_bnc
_2rdacarrier
650 4 _aالقانون المدني -- الاردن -- الملكية -- قوانيين وتشريعات -- الاردن
_912347
999 _aA2790
_c6358
_d6358